Lengua y literatura : para pensar /

Guardado en:
Autor Principal: Calero, Silvia
Otros Autores: Fenoglio, Aníbal, Folino, Evangelina, Vassallo, Isabel, Brandani, Lucía, De Los Santos, Mercedes, Piñero, Mariela, Rodríguez Ferla, José Luis
Formato: Libro
Publicado: Buenos Aires : Kapelusz, 2008
Series:Para pensar
Materias:
Etiquetas: Agregar Etiqueta
Sin Etiquetas, Sea el primero en etiquetar este registro!
LEADER 01454nam a22003255a 4500
001 CEM.cems013245
008 130507s2008##################000#0#####d
005 20260513123912.0
245 1 0 |a Lengua y literatura :  |b para pensar /  |c Silvia Calero ... [et Al.] 
260 |a Buenos Aires :  |b Kapelusz,  |c 2008 
300 |a 240 p. 
490 0 |a Para pensar 
500 |a Para 8º Educación General Básicapara 2º Educación Secundaria Básicaacompaña al texto Antología literaria 
505 0 |a Los mitos y las leyendas -- Imaginar mundos posibles -- Descubrir mundos futuros -- Los relatos de aventuras -- En escena y en pantalla -- Explicar para informar -- El lenguaje poético -- Las novelas policiales -- Lengua -- El paradigma de la conjugación regular: amar, temer y partir -- Fichero de ortografía, tildación y puntuación 
020 |a 9789501303254 
100 1 |a Calero, Silvia 
700 1 |a Fenoglio, Aníbal 
700 1 |a Folino, Evangelina 
700 1 |a Vassallo, Isabel 
700 1 |a Brandani, Lucía 
700 1 |a De Los Santos, Mercedes 
700 1 |a Piñero, Mariela 
700 1 |a Rodríguez Ferla, José Luis 
082 0 4 |a Z468 
653 |a Lengua 
653 |a Literatura 
653 |a Lengua 8º-educación general básica 
653 |a Lengua 2º-educación secundaria básica 
859 |a CEMS  |b BIB. CEMS - Agricultura  |h 468  |i C128-1  |p A4156.26  |t Ej.1 
859 |a CEMS  |b BIB. CEMS - 11 de abril  |h Z468  |i C128  |p 25748.09  |t Ej.1  |v 2º  |3 2º